LEADER 02844nam 2200637 450 001 9910456777103321 005 20211005042626.0 010 $a1-283-27198-2 010 $a9786613271983 010 $a1-4411-5340-3 035 $a(CKB)2550000000044708 035 $a(OCoLC)741691306 035 $a(CaPaEBR)ebrary10495266 035 $a(SSID)ssj0000522976 035 $a(PQKBManifestationID)11322363 035 $a(PQKBTitleCode)TC0000522976 035 $a(PQKBWorkID)10538814 035 $a(PQKB)10867251 035 $a(MiAaPQ)EBC766041 035 $a(MiAaPQ)EBC5309664 035 $a(MiAaPQ)EBC3003146 035 $a(Au-PeEL)EBL3003146 035 $a(EXLCZ)992550000000044708 100 $a20180315h20102010 uy 0 101 0 $aeng 135 $aurcn||||||||| 181 $ctxt 182 $cc 183 $acr 200 10$aGothic histories $ethe taste for terror, 1764 to the present /$fClive Bloom 210 1$aLondon, [England] ;$aNew York, New York :$cContinuum,$d2010. 210 4$d©2010 215 $a1 online resource (220 p.) 300 $aBibliographic Level Mode of Issuance: Monograph 311 $a1-84706-050-1 311 $a1-84706-051-X 320 $aIncludes bibliographical references and index. 327 $aIntro -- Contents -- Acknowledgements -- Chapter One: Now Welcome the Night: The Origins of Gothic Culture -- Chapter Two: Every True Goth: From Horace Walpole's Strawberry Hill to Thomas De Quincey's Opium Dreams -- Chapter Three: With Raven Wings: Ann Radcliffe, German Horrors and the Divine Marquis -- Chapter Four: Land of Shadows: Melmoth the Wanderer to Sweeney Todd -- Chapter Five: Dark Reflections in a Dull Mirror: Fuseli's The Nightmare and the Origins of Gothic Theatre -- Chapter Six: Desire and Loathing Strangely Mixed: Gothic Melodrama and The Phantom of the Opera -- Chapter Seven: Do You See It?: The Gothic and the Ghostly -- Chapter Eight: It's Alive: The Rise of the Gothic Movie -- Chapter Nine: After Midnight: Goth Culture, Vampire Games and the Irresistible Rise of Twilight -- Notes -- Primary Reading List -- Further Selected Readings in the Gothic -- Index. 606 $aGothic revival (Literature)$zGreat Britain 606 $aHorror tales, English$xHistory and criticism 606 $aEnglish fiction$xHistory and criticism 606 $aGothic revival (Art) 608 $aElectronic books. 615 0$aGothic revival (Literature) 615 0$aHorror tales, English$xHistory and criticism. 615 0$aEnglish fiction$xHistory and criticism. 615 0$aGothic revival (Art) 676 $a809.38729 700 $aBloom$b Clive$0132890 801 0$bMiAaPQ 801 1$bMiAaPQ 801 2$bMiAaPQ 906 $aBOOK 912 $a9910456777103321 996 $aGothic histories$92443520 997 $aUNINA LEADER 02790oam 22006375 450 001 9910777892503321 005 20200520144314.0 010 $a1-280-76583-6 010 $a9786610765836 010 $a0-8213-6910-5 024 7 $a10.1596/978-0-8213-6909-8 035 $a(CKB)1000000000470148 035 $a(EBL)459520 035 $a(OCoLC)100255174 035 $a(SSID)ssj0000088126 035 $a(PQKBManifestationID)12007236 035 $a(PQKBTitleCode)TC0000088126 035 $a(PQKBWorkID)10071223 035 $a(PQKB)10797678 035 $a(MiAaPQ)EBC459520 035 $a(Au-PeEL)EBL459520 035 $a(CaPaEBR)ebr10161446 035 $a(CaONFJC)MIL76583 035 $a(OCoLC)567977424 035 $a(The World Bank)2006038456 035 $a(US-djbf)14640203 035 $a(EXLCZ)991000000000470148 100 $a20061120d2007 uf 0 101 0 $aeng 135 $aurcn||||||||| 181 $ctxt$2rdacontent 182 $cc$2rdamedia 183 $acr$2rdacarrier 200 10$aMaking finance work for Africa. 210 1$aWashington, D.C. :$cWorld Bank,$d2007. 215 $apages cm 300 $aPrincipal authors, Patrick Honohan and Thorsten Beck. 311 $a0-8213-6909-1 320 $aIncludes bibliographical references and index. 327 $aContents; Foreword; Acknowledgments; Abbreviations; 1 Setting the Scene; Figures; Boxes; 2 African Financial Systems: Depth, Breadth, and Efficiency; Maps; Tables; 3 Finance for Long-Term Growth: Enriching the Flow of Finance to Transform the Economy; 4 Finance for All; 5 Policy Choices in Current Conditions; Credit Appraisal; Appendix: African Relationship Lending; Enforcement; Bibliography; Index 330 $aMaking Finance Work for Africa takes a panoramic view of Africa's financial systems, both at the large scale (""finance for growth"") and the small scale (""finance for all""). Things are changing for the better in African finance. Credit growth is underway after a long pause, solid new intermediaries are entering the marketplace, and the reach of microfinance is growing steadily. Finance can be a leading sector transforming African economies - by opening up business opportunities to a wider clientele and by channeling larger resources more effectively. By providing a key alternative to govern 410 0$aWorld Bank e-Library. 606 $aFinance$zAfrica 606 $aBanks and banking$zAfrica 615 0$aFinance 615 0$aBanks and banking 676 $a332.096 700 $aHonohan$b Patrick$0291895 701 $aBeck$b Thorsten$01474036 801 0$bDLC 801 1$bDLC 801 2$bDLC 906 $aBOOK 912 $a9910777892503321 996 $aMaking finance work for Africa$93687459 997 $aUNINA LEADER 01661nas 2200565- 450 001 996219443703316 005 20240207153317.0 011 $a2194-4172 035 $a(DE-599)ZDB2075636-7 035 $a(OCoLC)60616435 035 $a(CKB)958480172532 035 $a(CONSER)--2015217005 035 $a(EXLCZ)99958480172532 100 $a20050614a19859999 s-- - 101 0 $ager 135 $aurun||||||||| 181 $ctxt$2rdacontent 182 $cc$2rdamedia 183 $acr$2rdacarrier 200 10$aComputer und Recht 210 1$aKöln :$cO. Schmidt 210 3$aBerlin, Germany :$cWalter de Gruyter GmbH. 215 $aonline resource 311 $a0179-1990 531 $aCOMPUTER UND RECHT FORUM FUER DIE PRAXIS DES RECHTS DER DATENVERARBEITUNG KOM 606 $aComputers$xLaw and legislation$zGermany (West)$vPeriodicals 606 $aComputers$xLaw and legislation$2fast$3(OCoLC)fst00872821 606 $aInformatierecht$2gtt 606 $aInformaticarecht$2gtt 606 $aMediarecht$2gtt 606 $aEDI$2gtt 606 $aE-commerce$2gtt 606 $aInternet$2gtt 607 $aGermany (West)$2fast 608 $aPeriodicals.$2fast 608 $aPeriodicals.$2lcgft 615 0$aComputers$xLaw and legislation 615 7$aComputers$xLaw and legislation. 615 17$aInformatierecht. 615 17$aInformaticarecht. 615 17$aMediarecht. 615 17$aEDI. 615 17$aE-commerce. 615 17$aInternet. 676 $a343.43/07800164 676 $a344.3037800164 906 $aJOURNAL 912 $a996219443703316 996 $aComputer und Recht$91216572 997 $aUNISA